Teória hier a rozhodovania

Enregistré dans:
Détails bibliographiques
Auteur principal: Chobot, Michal
Autres auteurs: Turnovec, František, Ulašin, Vladimír
Format: Livre
Langue:slovaque
Publié: Bratislava Alfa 1991
Édition:1. vyd.
Tags: Ajouter un tag
Pas de tags, Soyez le premier à ajouter un tag!

MARC

LEADER 00000nam a2200000 4500
001 c022805
005 20250522103757.4
041 0 |a slo 
044 |a SK 
245 1 0 |a Teória hier a rozhodovania  |c Michal Chobot, František Turnovec, Vladimír Ulašin 
250 |a 1. vyd. 
264 1 |a Bratislava  |b Alfa  |c 1991 
300 |a 229 s. 
100 1 |a Chobot, Michal 
700 1 |a Turnovec, František 
700 1 |a Ulašin, Vladimír